| 000 | 01107nam a22003495b 4500 | ||
|---|---|---|---|
| 001 | 446 | ||
| 003 | DO-SdBPM | ||
| 005 | 20250611113105.0 | ||
| 007 | ta | ||
| 008 | 950710s2000 sp a | | ||spa | ||
| 017 |
_a _b |
||
| 020 | _a8424134079 | ||
| 040 |
_aDO-SdBPM _bspa _cBPMSU _erda |
||
| 082 | 4 |
_a793.735 _bA235a 2000 _222 |
|
| 245 | 0 | 0 |
_aAdivina, adivinanza : _b textos populares / _c Ilustrado por Ma. Fe Quesada. _h |
| 250 | _a3a. ed. | ||
| 264 |
_aLeón, España : _bEditorial Everest, _c2000 |
||
| 300 |
_a45 páginas : _bil.ustraciones ; _c21 cm |
||
| 336 |
_atexto _btxt _2rdacontent |
||
| 337 |
_asin mediación _bn _2rdamedia |
||
| 338 |
_avolumen _bnc _2rdacarrier |
||
| 490 | 0 |
_aMontaña encantada; _aPrimeros lectores, _v |
|
| 590 | _aInventariado, 2025/VM | ||
| 600 | _2 | ||
| 650 | 7 |
_aPlantas _xAdivinanzas |
|
| 650 | 7 |
_aAnimales _xAdivinanzas. _v |
|
| 650 | 7 | _aLibros ilustrados para niños | |
| 700 | 1 |
_aQuesada, Ma. Fe, _eilustraciones |
|
| 700 | 1 |
_aGarcía Alonso, Ana María, _eeditora |
|
| 910 | _aVMateo V. Control de calidad. BPMSU | ||
| 942 |
_2ddc _cBK |
||
| 999 |
_c15160 _d15160 |
||